000 00939cam a2200289 i 4500
001 000005279
003 DO-SdBNP
005 20250304141050.0
007 ta
008 921013s1994 sp a b 001 0 spa
020 _a8437604656
040 _aDO-SdBNP
_bspa
_cBNPHU
_erda
082 4 _a863.6
_bC341d, 1994
_222
100 1 _aCasona, Alejandro,
_d1903-1965
_eautor
_4aut.
_915037
245 1 3 _aLa dama del alba /
_cAlejandro Casona ; edición de, José R. Rodríguez Richart.
250 _atrigesima tercera edición
264 1 _aMadrid :
_bCátedra,
_c1994.
300 _a151 páginas :
_bilustraciones ;
_c18 cm.
336 _atexto
_btxt
_2rdacontent
337 _asin mediación
_bn
_2rdamedia
338 _avolumen
_bnc
_2rdacarrier
490 _aLetras hispánicas
_v202
650 4 _aNovela española
_91123
650 4 _aLiteratura española
_9632
700 1 _aRodríguez Richart, José,
_eeditor
_915038
_4ed.
942 _2ddc
_cLBS1
999 _c5080
_d5080